Central Library and Information Centre
Sibsagar Girls' College, Sivasagar : Assam

ENGLISH CRITICAL ESSAYS (NINETEENTH) CENTURIES (Record no. 1984)

MARC details
000 -LEADER
fixed length control field 00429cam a2200169ua 4500
008 - FIXED-LENGTH DATA ELEMENTS--GENERAL INFORMATION
fixed length control field 160921n1975 II |||gr||||Z||||||eng
040 ## - CATALOGING SOURCE
Original cataloging agency MAIN
041 ## - LANGUAGE CODE
-- English
100 ## - MAIN ENTRY--PERSONAL NAME
Personal name JONES,EDMUND D.
245 ## - TITLE STATEMENT
Title ENGLISH CRITICAL ESSAYS (NINETEENTH) CENTURIES
250 ## - EDITION STATEMENT
Edition statement 1ST.
260 ## - PUBLICATION, DISTRIBUTION, ETC.
Place of publication, distribution, etc. NEW DELHI
Name of publisher, distributor, etc. OXFORD UNIVERSITY PRESS
Date of publication, distribution, etc. 1975
300 ## - PHYSICAL DESCRIPTION
Extent 521:
Dimensions 18CM.
700 ## - ADDED ENTRY--PERSONAL NAME
Personal name JONES,EDMUND D.,
Relator term AUTHOR.,
942 ## - ADDED ENTRY ELEMENTS (KOHA)
Koha item type Books
Holdings
Withdrawn status Lost status Source of classification or shelving scheme Damaged status Not for loan Collection code Home library Current library Shelving location Date acquired Full call number Barcode Date last seen Price effective from Koha item type Public note
    Dewey Decimal Classification     REFENG Central Library and Information Centre Sibsagar Girls College Central Library and Information Centre Sibsagar Girls College ENGLISH REFERENCE RACK 20.06.1970 808.84 JON 02246 17.06.2023 17.06.2023 Books V


Sibsagar Girl's College © 2020. All rights reserved.
Powered by Koha.
Maintained by Abhijit Borpuzari.